[Event "ARG-ch U18 Girls"]
[Site "Ibague"]
[Date "2024.03.17"]
[Round "7"]
[White "Tapiero Lozano, Liced Dayana"]
[Black "Buitrago Ramirez, Andry Juliana"]
[Result "0-1"]
[WhiteElo "1400"]
[BlackElo "1400"]
[PlyCount "24"]
[EventDate "2024.03.14"]
[EventType "swiss"]
[EventRounds "7"]
[EventCountry "COL"]
[SourceTitle "CB12_2024"]
[SourceDate "2023.10.01"]
[SourceVersion "1"]
[SourceVersionDate "2023.10.01"]
[SourceQuality "1"]

1. e4 e5 2. Nf3 Nc6 3. Bc4 Bc5 4. 0-0 Nf6 5. Nc3 d6 6. d3 Bg4 7. b3 Nd4 8. Bb2 Nxf3+ 9. gxf3 Bh3 10. Nd5 Nxd5 11. Bxd5 Qg5+ 12. Kh1 Qg2# 0-1

[Event "ARG-ch U18 Girls"]
[Site "Ibague"]
[Date "2024.03.16"]
[Round "5"]
[White "Remolina Garcia, Mayra Xiomara"]
[Black "Tapiero Lozano, Liced Dayana"]
[Result "1-0"]
[WhiteElo "1757"]
[BlackElo "1400"]
[PlyCount "39"]
[EventDate "2024.03.14"]
[EventType "swiss"]
[EventRounds "7"]
[EventCountry "COL"]
[SourceTitle "CB12_2024"]
[SourceDate "2023.10.01"]
[SourceVersion "1"]
[SourceVersionDate "2023.10.01"]
[SourceQuality "1"]

1. d4 Nc6 2. Bf4 d5 3. e3 Nf6 4. Nc3 Qd7 5. Nb5 e5 6. dxe5 Bb4+ 7. c3 Ba5 8. exf6 gxf6 9. Nf3 Qe7 10. Qxd5 0-0 11. Be2 a6 12. Nbd4 Be6 13. Nxc6 bxc6 14. Qxa5 Rac8 15. Qh5 Rfe8 16. Bh6 Qd7 17. Rd1 Qe7 18. Bc4 Bxc4 19. Qg4+ Kh8 20. Qg7# 1-0